Empowering children through art and expression (Record no. 215886)
[ view plain ]
| 000 -LEADER | |
|---|---|
| fixed length control field | 01518nam a2200349Ia 4500 |
| 082 04 - DEWEY DECIMAL CLASSIFICATION NUMBER | |
| Classification number | 618.92/89165 |
| 100 1# - MAIN ENTRY--AUTHOR NAME | |
| Personal name | St. Thomas, Bruce, |
| 245 10 - TITLE STATEMENT | |
| Title | Empowering children through art and expression |
| 260 ## - PUBLICATION, DISTRIBUTION, ETC. (IMPRINT) | |
| Place of publication | London ; |
| -- | Philadelphia : |
| Name of publisher | Jessica Kingsley Publishers, |
| Year of publication | 2007. |
| 300 ## - PHYSICAL DESCRIPTION | |
| Number of Pages | 175 p. |
| 650 #0 - SUBJECT ADDED ENTRY--TOPICAL TERM | |
| Topical Term | Art therapy for children. |
| Topical Term | Creation (Literary, artistic, etc.) |
| Topical Term | Grief in children |
| Topical Term | Psychic trauma in children |
| Topical Term | Post-traumatic stress disorder in children |
| 700 1# - ADDED ENTRY--PERSONAL NAME | |
| Personal name | Johnson, Paul |
| 856 40 - ELECTRONIC LOCATION AND ACCESS | |
| Uniform Resource Identifier | http://site.ebrary.com/lib/rucke/Doc?id=10196758 |
No items available.
